logo

Bir Sreshtho Munshi Abdur Rouf Library
Jhenaidah Cadet College

People of the Snow : (Record no. 4284)

MARC details
000 -LEADER
fixed length control field 00531nam a2200205 a 4500
001 - CONTROL NUMBER
JCCL Control Number 4284
003 - CONTROL NUMBER IDENTIFIER
JCCL marc code BD-JhCC
005 - DATE AND TIME OF LATEST TRANSACTION
control field 20171126191405.0
008 - FIXED-LENGTH DATA ELEMENTS--GENERAL INFORMATION
fixed length control field 171119s1956 uk |||| ||a| 000 0 eng d
035 ## - SYSTEM CONTROL NUMBER
system control number (BD-JhCC)
040 ## - CATALOGING SOURCE
Original cataloging agency BD-JhCC
Modifying agency BD-JhCC
041 ## - LANGUAGE CODE
Language code of Book eng
082 ## - DEWEY DECIMAL CLASSIFICATION NUMBER
Classification number 917.122
Author mark and Year TOL 1956
100 ## - MAIN ENTRY--PERSONAL NAME
Personal name Tolboom, Wanda
245 ## - TITLE STATEMENT
Title People of the Snow :
Remainder of title Eskimos of Arctic Canada /
Statement of responsibility, etc Wanda Tolboom
260 ## - PUBLICATION, DISTRIBUTION, ETC. (IMPRINT)
Place of publication, distribution, etc London :
Name of publisher, distributor, etc Gilmour & Dean Ltd,
Date of publication, distribution, etc 1956
300 ## - PHYSICAL DESCRIPTION
Pagination 94 p. :
Dimensions 22 cm.
650 ## - SUBJECT ADDED ENTRY--TOPICAL TERM
Topical term or geographic name as entry element Travelogue
942 ## - ADDED ENTRY ELEMENTS (KOHA)
Source of classification or shelving scheme Dewey Decimal Classification
Koha item type Books
Holdings
Source of classification or shelving scheme Damaged status Not for loan Home library Current library Shelving location Date of accession Total Checkouts Full call number Barcode Date last seen Copy number Koha item type
Dewey Decimal Classification     JCC Rouf Library JCC Rouf Library General Stacks 11/25/2017   917.122 TOL 1956 5883 11/25/2017 C-1 Books

JCC Library | Contacts | JCC Home

Last Update on 23 September 2017
Copyright @ 2017-2020 JCC Rouf Library
Rouf Library, Jhenidah Cadet College (JCC), Bangladesh